Normal view
MARC view
- الادباء العرب-العصر العباسي-تراجم-تاريخ ونقد-أبو العلاء المعري
Entry Topical Term
001 - CONTROL NUMBER
- control field: 24754
003 - CONTROL NUMBER IDENTIFIER
- control field: JO-AjAnu
005 - DATE AND TIME OF LATEST TRANSACTION
- control field: 20230606074235.0
008 - FIXED-LENGTH DATA ELEMENTS
- fixed length control field: 230606|| aca||aabn | a|a d
040 ## - CATALOGING SOURCE
- Original cataloging agency: JO-AjAnu
- Transcribing agency: JO-AjAnu
150 ## - HEADING--TOPICAL TERM
- Topical term or geographic name entry element: الادباء العرب-العصر العباسي-تراجم-تاريخ ونقد-أبو العلاء المعري
670 ## - SOURCE DATA FOUND
- Source citation: Work cat.: (JO-AjAnu)12734: خالص،وليد محمود, author 24753, أبو العلاء المعري..ناقداً